000 00470nam a22001937a 4500
003 MPLRDC
005 20220104123425.0
008 210129b ||||| |||| 00| 0 eng d
020 _a7-80536-240-8
082 _a955 CYSY v.5
100 _a叶导
245 _a美妙的瞬间
_c
250 _a一版一刷
260 _a
_b浙江摄影出版社
_c1994
300 _b
490 _a创意摄影丛书
650 _a摄影术之应用
942 _cBK
_o955 CYSY v.5
999 _c11318
_d11308